| 000 | 00443nam a2200193Ia 4500 | ||
|---|---|---|---|
| 003 | GCL | ||
| 008 | 140319s9999 xx 000 0 eng d | ||
| 040 |
_aGCL / _cGCL |
||
| 082 | 0 | 4 |
_a701.85 _bC C |
| 100 | 1 | _aCOLE, ALSON | |
| 245 | 1 | 0 |
_aCOLOUR / _cCOLE, ALSON |
| 260 |
_a[S.N] : _bDORLING KINDERSLEY ، _c1993 |
||
| 300 | _a64 PP | ||
| 650 | 0 | 4 | _aARTS |
| 650 | 0 | 4 | _aPAINTING |
| 650 | 0 | 4 | _aCOLOURS |
| 650 | 0 | 4 | _aPAINTERS |
| 942 |
_2ddc _cBK |
||
| 999 |
_c18883 _d18883 |
||